Costume design (Registro nro. 321321)

Detalles MARC
000 -ENCABEZADO
Número de control [NR] 00997nam a22002777a 4500
005 - FECHA Y HORA DE LA ÚLTIMA TRANSACCIÓN
control field 20230216103404.0
008 - DE LONGITUD FIJA DE DATOS DE ELEMENTOS - INFORMACIÓN GENERAL
Elementos de longitud fija [NR] 220614s1999 txua|||gr|||| 00| 0 eng d
020 ## - NUMERO INTERNACIONAL NORMALIZADO PARA LIBROS [R]
Número Internacional Normalizado del libro [NR] 0155083791 (2a.Ed.)
040 ## - FUENTE DE CATALOGACION [NR]
Agencia de catalogación original [NR] CO-BoUCM
Idioma de catalogación [NR] spa
Quien Cataloga Deissy Garcia
Quien Clasifica Deissy Garcia
041 0# - CODIGO DE IDIOMA [R]
Código de idioma para texto/pista de sonido o título separado [R] Inglés
100 1# - ASIENTO PRINCIPAL--NOMBRE PERSONAL [NR]
ID Autoridad 174972
Nombre personal [NR] Anderson, Barbara
245 10 - MENCION DE TITULO [NR]
Título [NR] Costume design
Mención de responsabilidad, etc. [NR] Barbara, Cletus Anderson
250 ## - MENCION DE EDICION [NR]
Mención de edición [NR] 2a.Ed.
260 ## - PUBLICACION, DISTRIBUCION, ETC. (PIE DE IMPRENTA) [R]
Lugar de publicación, distribución, etc. [R] Fort Worth, Texas
Nombre del editor, distribuidor, etc. [R] Harcourt Brace College Publishers
Fecha de publicación, distribución, etc. [R] 1999
300 ## - DESCRIPCION FISICA [R]
Extensión [R] x, 350 páginas
Otros detalles físicos [NR] ilustraciones
500 ## - NOTA GENERAL [R]
Nota general [NR] Bibliografía Básica - Facultad de Creación - Pregrado en Teatro Musical
504 ## - NOTA DE BIBLIOGRAFIA, ETC. [R]
Nota de bibliografía, etc. [NR] Incluye referencias bibliográficas e índices
650 #7 - ASIENTO SECUNDARIO DE MATERIA - TERMINO TEMATICO [R]
Término temático o nombre geográfico como elemento de entrada [NR] Diseño de moda
9 (RLIN) 174974
650 #0 - ASIENTO SECUNDARIO DE MATERIA - TERMINO TEMATICO [R]
9 (RLIN) 101372
Término temático o nombre geográfico como elemento de entrada [NR] Vestuario teatral
650 #0 - ASIENTO SECUNDARIO DE MATERIA - TERMINO TEMATICO [R]
9 (RLIN) 101373
Término temático o nombre geográfico como elemento de entrada [NR] Vestuario en el arte
650 #7 - ASIENTO SECUNDARIO DE MATERIA - TERMINO TEMATICO [R]
9 (RLIN) 13387
Término temático o nombre geográfico como elemento de entrada [NR] Diseño de vestidos
650 #7 - ASIENTO SECUNDARIO DE MATERIA - TERMINO TEMATICO [R]
9 (RLIN) 19647
Término temático o nombre geográfico como elemento de entrada [NR] Moda
700 1# - ASIENTO SECUNDARIO - NOMBRE PERSONAL [R]
9 (RLIN) 174973
Nombre personal [NR] Anderson, Cletus
942 ## - ELEMENTOS DE ENTRADA AGREGADOS (KOHA)
Sistema de clasificación DEWEY
Tema principal Arte
Tipo de ítem principal el descrito en 300a Libro
Edición 2
Clasificación 792.026
Parte restante de la signatura top. A545c
Título oculto en OPAC No
Existencias
Signatura topográfica Código de barras Última vez visto Volúmen / Fascículo Ejemplar Costo de reposición Price effective from Tipo de ítem Nota pública (OPAC) Perdido Sistema de clasificación Dañado No prestable Tipo de ítem específico Suprimido Ubicación habitual Ubicación actual Localización Fecha de creación Forma de adquisición Costo
792.026 A545c 100170360 10/12/2025 2a.Ed. Ej.1 1217542.00 14/06/2022 Libro Spot Teatro Musical   DEWEY     Libro   Sede del emprendimiento y la innovación Sede del Emprendimiento, Innovación y Creación 1er piso 14/06/2022 Donación 0.00